<?xml version="1.0" encoding="UTF-8"?>
<marc:record xmlns:marc="http://www.loc.gov/MARC21/slim">
   <marc:leader>00000nam a2200000 a 4500</marc:leader>
   <marc:datafield ind1="1" ind2=" " tag="100">
      <marc:subfield code="a">Lake, A. J.</marc:subfield>
      <marc:subfield code="4">aut</marc:subfield>
      <marc:subfield code="e">Verfasser/-in</marc:subfield>
   </marc:datafield>
   <marc:datafield ind1="0" ind2="0" tag="245">
      <marc:subfield code="a">Eisdrache</marc:subfield>
   </marc:datafield>
   <marc:datafield ind1="0" ind2="0" tag="245">
      <marc:subfield code="b">Band 1</marc:subfield>
   </marc:datafield>
   <marc:datafield ind1="0" ind2="0" tag="245">
      <marc:subfield code="c">Lake, A. J.</marc:subfield>
   </marc:datafield>
   <marc:datafield ind1=" " ind2="1" tag="264">
      <marc:subfield code="a">Ravensburg</marc:subfield>
      <marc:subfield code="b">Ravensburger Buchverl.</marc:subfield>
      <marc:subfield code="c">2008</marc:subfield>
   </marc:datafield>
   <marc:datafield ind1="1" ind2=" " tag="520">
      <marc:subfield code="a">Erster Band einer neuen Fantasy-Trilogie. (ab 10) (JE)      Man nehme einen Drachen, Elemente der nordischen Sagenwelt, magische Kräfte, die die unschuldigen Helden völlig unerwartet besitzen, und eine böse Gestalt, die es auf eben diese magischen Kräfte abgesehen hat - und mische daraus eine neue Fantasy-Trilogie. Der erste Band der Chroniken der Dunkelheit ist allerdings eine durchaus gelungene, spannende Erzählung, die den Kampf zweier Kinder gegen unbekannte dunkle Mächte im Britannien des 7. Jahrhunderts n. Chr. schildert. Adrian und Elsa überleben einen schrecklichen Schiffbruch. In der Kiste, an die sie sich geklammert haben, befindet sich ein magisches Kristallschwert, das sich nun Elsa als seine Trägerin auserwählt. Adrian wiederum kann durch die Augen anderer Lebewesen blicken. Und nun sollen sie die Welt vor schrecklichem Unheil bewahren, das durch die Machtgier des geheimnisvollen Lord Orgrim droht.   Abgesehen von wenigen nicht ganz schlüssigen Passagen ist das Buch gut durchkomponiert und als spannender Lesestoff für junge Abenteuerfans empfehlenswert.  *bn* Eva Moser-Reitsamer</marc:subfield>
   </marc:datafield>
   <marc:datafield ind1=" " ind2=" " tag="020">
      <marc:subfield code="a">9783473347223</marc:subfield>
      <marc:subfield code="9">9783473347223</marc:subfield>
   </marc:datafield>
   <marc:datafield ind1=" " ind2=" " tag="020">
      <marc:subfield code="a">3473347221</marc:subfield>
      <marc:subfield code="9">3473347221</marc:subfield>
   </marc:datafield>
   <marc:datafield ind1=" " ind2=" " tag="041">
      <marc:subfield code="a">ger</marc:subfield>
   </marc:datafield>
   <marc:datafield ind1=" " ind2=" " tag="338">
      <marc:subfield code="a">Band</marc:subfield>
   </marc:datafield>
   <marc:datafield ind1=" " ind2=" " tag="300">
      <marc:subfield code="a">284 S.</marc:subfield>
   </marc:datafield>
</marc:record>
